000 00356 a2200109 4500
001 ART_26522
005 20260410161705.0
008 260409a
245 1 0 _aLas modificaciones en las deducciones personales en el impuesto a las ganancias
100 1 _aGarcía, Fernando D.
773 0 _tRevista Impuestos
_g- Nº 22 (nov. 2008)
_wREV639
999 _c15560
_d15560